Quizzes
Events
Quiz Creation
Community
Videos
Private Events
Remove Ads
Sign In
Join for FREE
Feedback
Dark Mode
Quiz Categories
Sports
Geography
Music
Movies
Television
Just For Fun
Miscellaneous
History
Literature
Language
Science
Gaming
Entertainment
Religion
Holiday
For Kids
Quiz Lab
Recent
Popular Today
Quiz Kudos Today
Editor Picks
Curator Picks
Quizzes by...
Day
Popularity
Type
Ratings
Length
Year
Community
Subscriptions
Recent Discussions
Orange Saloon
Badges
Playlists
Quests
Create
Leaderboards
Showdown
Live 5
Trivia Bingo
Activity
Puzzle Library
Sporcle Events
Private Events
Virtual Trivia
Globe League
Become a Host
Pub Owners
SporcleCon
Opinionation
Our Games
Videos
Blog
Mobile Apps
Partnerships
Remove Ads and Go Orange
Feedback
Gaming
Video Games
Board Games
Card Games
Pokémon
Mario
Nintendo
Minecraft
Console
Toys
Legend of Zelda
Gaming
Video Games
Board Games
Card Games
Pokémon
Mario
Nintendo
Minecraft
Console
Toys
Legend of Zelda
Random Quiz
Search Sporcle
×
Quiz Lab
Quiz Lab
Gaming
Mario
Type answers based on single images at one time
Type answers based on single images at one time
Slideshow
Best Score? Go Orange.
100 Mario's Enemies Stats
Can you name 100 Mario's Enemies?
By
rafaelairp3
15m
100 Questions
1,268 Plays
1,268 Plays
1,268 Plays
Comments
Comments
Give Quiz Kudos
Give Quiz Kudos
-
- Ratings
hide this ad
Replay
Link that replays current quiz
Next Quiz
Link to next quiz in quiz playlist
You Got
0%
They Got
Avg Score
29%
Avg Friend Score
Upgrade to see
Score Distribution
Jump to the score distribution portion of the page
Score
0/100
Timer
15:00
0
Plays Today
% Correct
Goomba
96.8%
Cat Goomba
85.4%
Koopa Troopa
70.5%
Paragoomba
68.1%
Galoomba
63.2%
Goomba Tower
61.3%
Piranha Plant
55.5%
Koopa Paratroopa
55.2%
Micro Goomba
52.5%
Cheep-Cheep
49.7%
Venus Fire Trap
45.1%
Bullet Bill
44.7%
Blooper
42.7%
Spiny
41.8%
Shy Guy
41.6%
Boo
40%
Lakitu
39.5%
Chain Chomp
38.9%
Dry Bones
38.6%
Hammer Bro
38.2%
Bob-Omb
38.2%
Super Koopa
37.7%
Buzzy Beetle
37.2%
Fire Bro
37%
Muncher
36.9%
Boomerang Bro
36.8%
Ice Bro
36.5%
Wiggler
35.7%
Banzai Bill
35.2%
Thwomp
34.3%
Fly Guy
33.8%
Spike
33.2%
Magikoopa
32.9%
Monty Mole
32.2%
% Correct
Podoboo
30.9%
Whomp
29.9%
Mechakoopa
29.8%
Sledge Bro
29.7%
Pokey
29.4%
Chargin' Chuck
29.4%
Fishin' Lakitu
29.3%
Blooper Baby
29.3%
Koopatrol
29%
Parabeetle
28.5%
Fat Guy
28.3%
Cheep-Chomp
27.8%
Angry Sun
27.8%
Jumping Piranha Plant
27.7%
Fire Snake
27.6%
Ninji
27%
Bully
27%
Fire Chomp
26.8%
Ptooie
25.6%
Snifit
25.5%
Sumo Bro
24.7%
Fuzzy
24.7%
Swooper
24.7%
Fish Bone
24.2%
Nipper Plant
23.9%
Torpedo Ted
23.1%
Thwimp
22.9%
Porcupuffer
22.6%
Spiny Piranha Plant
22.2%
Rip Van Fish
22.1%
Spiny Cheep-Cheep
22.1%
Boo Guy
22%
King Bill
21.8%
Phanto
20.6%
% Correct
Parabomb
20.5%
Urchin
20.5%
Bone Goomba
19.6%
Rex
19.5%
Spike Top
19%
Bandit
18.4%
Rocky Wrench
18.2%
Bomb Boo
18.1%
Peepa
17.6%
Flutter
17.2%
Bone Piranha Plant
17%
Dino Rhino
16.4%
Heavy Parabeetle
15.9%
Lava Lotus
15.4%
Poison Blooper
15.4%
Pidgit
15%
Octoomba
14%
Bony Beetle
13.1%
Scuttlebug
12.6%
Buster Beetle
12.3%
Dino-Torch
12.3%
Skeeter
12.3%
Tweeter
12.2%
Blargg
11.8%
Beezo
11.4%
Clubba
9.7%
Cataquack
9.3%
Tap-Tap
8.8%
Goonie
8.2%
Hothead
7.1%
Nep-Enut
6.5%
Amp
5.6%
Quiz Playlist
Details
Report
Send in Message
Add To Playlist
Slideshow:
Type answers based on single images at one time
Last Updated: Apr 6, 2021
Quiz Scoreboard
CHALLENGE
Sign Up to Join the Scoreboard
Show All
Scores
Hide
Comments
May contain spoilers
Recently Published
Presidents Visiting Landmarks
by Hejman
History
7m
An Introduction to Baseball
by treessimontrees
Sports
5m
Movies - When Are They Set?
by FPL_Elf
Movies
5m
More to Explore
Quiz From the Vault
Featured Blog Post
Where Did the Easter Bunny Come From?
hide this ad
You Might Also Like...
Tags
Mario Quiz
Nintendo Quiz
Nintendo Games
Paper Mario
Super Mario
Super Nintendo
Today's Top Quizzes in Gaming
Browse Gaming
hide this ad
Today's Top Quizzes in Mario
Browse Mario
Top Contributed Quizzes in Gaming
1
5-to-1: Consoles
2
Destiny 2 exotic weapons by perk icons
3
7-to-1: Board Game Piece Blitz
4
5-to-1: Legend of Zelda
5
Ultimate Genshin Impact Logic Puzzle (up to 4.3)
6
Franchise by Action Figure
7
Overwatch Logic Puzzle
8
Who's on the WWE 2K24 Cover?
9
Genshin Impact Logic Puzzle Quiz
10
Windmill: Pokémon
Explore More
Trending Topics
Marvel
NBA
Anime
Harry Potter
Disney
Crossword
Kpop
Puzzle
NFL
Country
Song
WWE
Pokémon
Soccer
The Office
hide this ad
More By:
rafaelairp3
Quiz
Plays
Rating
Category
Featured
Created
Super Mario's Stars
1,508
3.70
Gaming
Apr 14, 2017
Mario's Games Giant Map
1,422
3.71
Gaming
May 6, 2017
Boo Who!?
1,211
3.60
Gaming
Apr 10, 2017
Mario's NES Games Enemies (Map)
380
3.88
Gaming
Mar 28, 2017
Real World Map in Mario Graphics
366
5.00
Gaming
May 6, 2017
Go to Creator's Profile
Score Distribution
Quiz Creator Spotlight
rafaelairp3
Follow
Send a Message
Quizzes Created
-
Created Quiz Play Count
-
More By This Creator
Popular Quizzes Today
1
Find the US States - No Outlines Minefield
2
Find the Countries of Europe - No Outlines Minefield
3
The Countries of the World
4
Find the US States
5
Popular People in 1961
6
US States
7
Risky Map Clicking: Biggest States A-Z
8
1-10 Letter E Words III
More Gaming Quizzes
Click the 'S' Video Games
Quiz Lab
Trending Quizzes
Risky Map Clicking: Least Populous States A-Z
1-10 Letter G Words
1-10 Letter F Words
One Thing in Common: United Kingdom
Risky Map Clicking: Next State Alphabetically
Recently Updated
Leaping Animals
pecheneg
Reality TV Shows (A-Z)
bhenderson79
Rickey Henderson's Hall of Fame Teammates
pecheneg
Champions League XIs: Arsenal
pecheneg
Quick Pick: Celebrities in WWE's Hall of Fame
aduchscher
A-Z Keypad Blitz II
pecheneg
Multiple Oscar Actors
pecheneg
Mystery Phrase Blitz: Oscar 'Best Actors'
pecheneg
F. Scott Fitzgerald Novels
LTH
Pick 3 Villains
ddd62291
Trending Topics
Kpop
Crossword
Harry Potter
Anime
Marvel
NBA
Disney
WWE
Soccer
Song
Pokémon
Puzzle
NFL
The Office
Country
Your Account Isn't Verified!
In order to create a playlist on Sporcle, you need to verify the email address you used during registration. Go to your
Sporcle Settings
to finish the process.
Report this User
Report this user for behavior that violates our
Community Guidelines
.
Details:
Send Report
Go to the Sporcle.com Mobile Site →
Comments